Postavenie sporiteľní v bankovom sektore
Rozvoj bánk na Slovensku. Klesanie ziskov a cien akcií v bankovom sektore. Najsilnejšie bankové sektory sveta. Pozícia sporiteľní v bankovom sektore v celosvetovom meradle. Súčasný stav a prognóza sporiteľničných bánk vo svete. Vytváranie si identity európskych sporiteľní. Slovenská sporiteľňa. Euró...
Gespeichert in:
| 1. Verfasser: | |
|---|---|
| Format: | Buch |
| Sprache: | Slowakisch |
| Schlagworte: | |
| Tags: |
Keine Tags, Fügen Sie das erste Tag hinzu!
|
MARC
| LEADER | 00000nam a2200000 4500 | ||
|---|---|---|---|
| 001 | r030080 | ||
| 005 | 20230824094555.7 | ||
| 041 | 0 | |a slo | |
| 044 | |a SK | ||
| 245 | 1 | 0 | |a Postavenie sporiteľní v bankovom sektore |c Jana Sestrienková |
| 520 | |a Rozvoj bánk na Slovensku. Klesanie ziskov a cien akcií v bankovom sektore. Najsilnejšie bankové sektory sveta. Pozícia sporiteľní v bankovom sektore v celosvetovom meradle. Súčasný stav a prognóza sporiteľničných bánk vo svete. Vytváranie si identity európskych sporiteľní. Slovenská sporiteľňa. Európska menová únia vo vzťahu k bankovému sektoru a sporiteľniam. Zhrnutie dnešného postavenia sporiteľní. | ||
| 610 | 2 | 0 | |a sporiteľne |
| 610 | 2 | 0 | |a banky |
| 610 | 2 | 0 | |a svet |
| 610 | 2 | 0 | |a banky zahraničné |
| 610 | 2 | 0 | |a sporiteľne poštové |
| 610 | 2 | 0 | |a Európska únia |
| 610 | 2 | 0 | |a Slovensko |
| 610 | 2 | 0 | |a USA |
| 610 | 2 | 0 | |a Amerika |
| 610 | 2 | 0 | |a Ázia |
| 610 | 2 | 0 | |a Afrika |
| 610 | 2 | 0 | |a fúzie |
| 610 | 2 | 0 | |a Slovenská sporiteľňa, a.s. Bratislava |
| 610 | 2 | 0 | |a Európska menová únia |
| 100 | 1 | |a Sestrienková, Jana | |